Countries Bordering Exactly Two Other Countries - Statistics

General Stats
  • This quiz has been taken 66 times
  • The average score is 20 of 27
Answer Stats
Continent Country Bordering Countries % Correct
North America Panama Colombia | Costa Rica
98%
North America Costa Rica Nicaragua | Panama
91%
North America Nicaragua Costa Rica | Honduras
91%
Europe Andorra France | Spain
89%
North America United States Canada | Mexico
89%
Asia Yemen Oman | Saudi Arabia
86%
North America Belize Guatemala | Mexico
84%
Asia Bhutan China | India
84%
Asia Nepal China | India
84%
South America Uruguay Argentina | Brazil
84%
Europe Estonia Latvia | Russia
82%
Europe Sweden Finland | Norway
82%
Africa Eswatini Mozambique | South Africa
80%
North America El Salvador Guatamala | Honduras
77%
Europe Liechtenstein Austria | Switzerland
77%
South America Ecuador Colombia | Peru
73%
Africa Tunisia Algeria | Libya
68%
Asia United Arab Emirates Oman | Saudi Arabia
68%
Asia Mongolia China | Russia
66%
Asia Kuwait Iraq | Saudi Arabia
61%
Europe Moldova Romania | Ukraine
61%
Europe Netherlands Belgium | Germany
61%
Asia Lebanon Israel | Syria
59%
Asia Bangladesh India | Myanmar
50%
Africa Equatorial Guinea Guinea | Senegal
48%
Africa Guinea-Bissau Guinea | Senegal
45%
Africa Sierra Leone Guinea | Liberia
45%
No matching quizzes found
Score Distribution
Percent of People with Each Score
Percentile by Number Answered
Your Score History
You have not taken this quiz